Los anarquistas / (Record no. 157929)

MARC details
000 -LEADER
campo de control de longitud fija 01128nam a22002775i 4500
001 - NÚMERO DE CONTROL
campo de control 157929
003 - IDENTIFICADOR DE NÚMERO DE CONTROL
campo de control ES-MaACL
005 - FECHA Y HORA DE LA ÚLTIMA TRANSACCIÓN
campo de control 20250902063108.0
008 - DATOS DE LONGITUD FIJA--INFORMACIÓN GENERAL
campo de control de longitud fija 010206s1894 sp |||| | spa d
100 1# - ENTRADA PRINCIPAL--NOMBRE DE PERSONA
Nombre de persona Lombroso, Cesare,
Fechas asociadas al nombre 1835-1909
9 (RLIN) 242173
245 14 - MENCIÓN DEL TÍTULO
Título Los anarquistas /
Mención de responsabilidad, etc. César Lombroso ; traducción y notas por Julio Campo y Gabriel Ricardo España.
260 ## - PUBLICACIÓN, DISTRIBUCIÓN, ETC.
Lugar de publicación, distribución, etc. Madrid :
Nombre del editor, distribuidor, etc. [s.n.],
Fecha de publicación, distribución, etc. 1894 (
Fabricante Estab. Tip. Sucesores de Rivadeneyra)
300 ## - DESCRIPCIÓN FÍSICA
Extensión 208 p. ;
Dimensiones 19 cm.
490 1# - MENCIÓN DE SERIE
Mención de serie Biblioteca social contemporánea ;
Designación de volumen o secuencia 1
504 ## - NOTA DE BIBLIOGRAFÍA, ETC.
Nota de bibliografía, etc. Referencias bibliográficas.
530 ## - NOTA DISPONIBLE DE FORMULARIO FÍSICO ADICIONAL
Nota de formato físico adicional disponible Disponible en formato digital.
650 #7 - PUNTO DE ACCESO ADICIONAL DE MATERIA--TÉRMINO DE MATERIA
Término de materia o nombre geográfico como elemento de entrada Anarquismo
Fuente del encabezamiento o término embne
9 (RLIN) 9783
650 #4 - PUNTO DE ACCESO ADICIONAL DE MATERIA--TÉRMINO DE MATERIA
Término de materia o nombre geográfico como elemento de entrada Anarquistas.
9 (RLIN) 135561
700 1# - ENTRADA AGREGADA--NOMBRE PERSONAL
Nombre de persona Campo, Julio.
9 (RLIN) 126302
700 1# - ENTRADA AGREGADA--NOMBRE PERSONAL
Nombre de persona España, Gabriel Ricardo.
9 (RLIN) 126962
830 1# - PUNTO DE ACCESO ADICIONAL DE SERIE-TÍTULO UNIFORME
Título uniforme Biblioteca social contemporánea ;
Designación de volumen o secuencia 1
9 (RLIN) 221821
852 ## - LOCALIZACIÓN
Ubicación ES-MaACL
Número de control de estantería D-2412
Nota libre - Enc. tela
852 ## - LOCALIZACIÓN
Ubicación ES-MaACL
Número de control de estantería T-875-F-2
Nota libre - Ded. manuscrita al Ateneo de Gabriel Ricardo España
856 ## - LOCALIZACIÓN Y ACCESO ELECTRÓNICOS
Identificador Uniforme de Recursos <a href="http://bdh-rd.bne.es/viewer.vm?id=0000251452&page=1 ">http://bdh-rd.bne.es/viewer.vm?id=0000251452&page=1 </a>
Nota pública Biblioteca Digital Hispánica
Holdings
Estatus retirado Estado de pérdida Fuente del sistema de clasificación o colocación Estado de daño No para préstamo Colección Biblioteca de origen Biblioteca actual Ubicación en estantería Fecha de adquisición Total de préstamos Signatura topográfica completa Código de barras Visto por última vez Precio de reemplazo Tipo de ítem Koha Nota pública Fuente de adquisición
    Clasificación decimal universal     Colección de folletos Biblioteca del Ateneo de Madrid Biblioteca del Ateneo de Madrid Depósito folletos 05/08/2015   T-875-F-2 1194000 23/02/2023 23/02/2023 Folleto Dedicatoria autógrafa del autor  
          Colección digital Biblioteca del Ateneo de Madrid Biblioteca del Ateneo de Madrid Sala Valle Inclán 17/01/2008   D-2412 901165284 23/02/2023 23/02/2023 Libro impreso antiguo